|
|
|
|
| LEADER |
00000nkm a2200000 a 4500 |
| 001 |
vtls010740601 |
| 003 |
SK-MaSNL |
| 005 |
20260301091258.0 |
| 007 |
kf bo |
| 008 |
231214n xo g kuslo |
| 015 |
|
|
|a SNBG
|
| 035 |
|
|
|a CC97C937-7478-4D0D-96F7-A9993237D76F
|
| 035 |
|
|
|a urn:nbn:sk:snk-kmxzbr
|
| 035 |
|
|
|a urn:nbn:sk:snk-km007awc
|
| 040 |
|
|
|a SNK
|b slo
|c SNK
|e AACR2
|
| 041 |
0 |
|
|a slo
|
| 043 |
|
|
|a e-xo---
|
| 044 |
|
|
|a xo
|c SK
|
| 080 |
|
|
|a 908(437.6)
|2 2001
|
| 080 |
|
|
|a (084.121)
|2 2001
|
| 080 |
|
|
|a 551.4.035
|2 2001
|
| 080 |
|
|
|a 911.2(23.0)
|2 2001
|
| 245 |
0 |
0 |
|a Vysoké Tatry
|h grafika
|b Český štít 2520 m n. m. : Vysoká 2565 m n. m.
|
| 260 |
|
|
|a [Bratislava]
|b Tatran
|c [s.a.]
|
| 300 |
|
|
|a 1 pohľadnica
|b čiernobiela
|c 14 x 9 cm
|
| 650 |
0 |
7 |
|a pohoria
|2 SNKPH
|9 44054
|
| 651 |
|
7 |
|a Vysoké Tatry (Poľsko a Slovensko : pohorie)
|2 SNKPHgeo
|9 67729
|
| 651 |
|
7 |
|a Vysoká (Vysoké Tatry, Slovensko : vrch)
|2 SNKPH
|9 160560
|
| 651 |
|
7 |
|a Ťažký štít (Vysoké Tatry, Slovensko)
|2 SNKPH
|
| 655 |
|
7 |
|a miestne pohľadnice
|2 SNKPH
|9 70510
|
| 852 |
|
|
|a Slovenská národná knižnica
|
| 958 |
|
|
|a GC
|
| 958 |
|
|
|a GBN
|
| 958 |
|
|
|a OND
|
| 999 |
|
|
|c 670821
|d 672751
|
| 952 |
|
|
|a SNK
|b SNK
|y PREZ
|7 0
|p 17A1163655
|o snkSP 3323
|0 0
|1 0
|4 0
|d 2015-07-30
|f 1
|l 0
|r 2026-02-23 19:25:24
|w 2026-02-23
|